000 01346nam2a22003371 4500
001 v19\rc\1545163
005 20250618182553.0
035 _a(NLR Aleph) 004662003
090 _a3562946
_c3562946
100 _a20060620d1882 |||y0rusy50 ca
101 0 _arus
102 _aRU
105 _ay z |||a|
200 1 _a[Мелкие стихотворения]
215 _a342, VI с.
461 0 _1001v19\rc\1545161
_12001#$aПолное собрание стихотворений$f[Соч.] Николая Гербеля. Т. 1-2$vТ. 2
_1700#1$3RU\NLR\AUTH\7751038$7ca$aГербель$bН. В.$f1827-1883$gНиколай Васильевич
_93562936
_aГербель, Н. В. (1827-1883)
_cСанкт-Петербург
_d1882
_f[Соч.] Николая Гербеля. Т. 1-2
_nтип. В. Безобразова и К°
_p2 т.
_tПолное собрание стихотворений
_vТ. 2
540 1 _aМелкие стихотворения
801 0 _aRU
_bNLR
_gpsbo
801 0 _aRU
_bRuMoRGB
_2psbo
801 1 _aRU
_bProSoft-M
_2rusmarc
852 _aNLR
_j18.158.5.13
852 _aNLR
_j132/3683
899 _aRuMoRGB
_jB 10/150
899 _aRuMoRGB
_jB 10/166
899 _aRuMoRGB
_jU 344/18
899 _aБАН
899 _aНБ СПбГУ
899 _aГПИБ
899 _aНБ МГУ
942 _cBOOK
980 _aNB